000 02182nam a22003494i 4500
001 a5048395
003 SpMaBN
005 20250529113623.0
008 110519s2011 sp a | |||| 000 0bspa
020 _a9788415189138
040 _cCO-MdFUSB
041 1 _aspa
_heng
082 _223
_a248.4
_bST814
100 1 _aSteer, Roger
_eautor
240 1 0 _aInside story
245 1 0 _aJohn Stott
_b: un hombre de Dios excepcional
_c/ Roger Steer ; traducido por Pilar Flórez
250 _aprimera edición
264 1 _aBarcelona, España :
_bAndamio,
_c[2011]
264 4 _c©2011
300 _a413 páginas ;
_c23 cm
_b: Ilustraciones a color
336 _2rdacontent
_atexto
_btxt
337 _2rdamedia
_asin mediación
_bn
338 _2rdacarrier
_avolumen
_bnc
490 1 _aVidas que transforman. ll Serie Contemporánea
505 _aPrólogo -- Prefacio -- 1. Primeros pasos -- 2. Abriendo puertas -- 3. Batallando en Cambridge -- 4. Descubriendo una lógica interior -- 5. Sirviendo en una parroquia mixta -- 6. Bajo los arcos de Charing Cross -- 7. El Rey da su aprobación -- 8. La desierta granja de Gales -- 9. "Lo mejor sería que fuera mi secretaria" -- 10. Una relación especial -- 11. Según el modelo de Jesús -- 12. El camino de la renovación -- 13. Momentos dramáticos en Central Hall -- 14. Saliendo del gueto -- 15. Un nuevo hombre en All Souls -- 16. Donde se gana la batalla de la santidad -- 17. Un gigante en Lausana -- 18. "Tío John" -- 19. Contrastando la fantasía con la realidad -- 20. ¿Qué es un evangélico? -- 21. Encuentros personales -- 22. Una predicación digna de una reina -- 23. Diversas cuestiones -- 24. El ascenso o la colina llamada Calvario -- 25. Sufrimientos antes que los ataques -- 26. Perdido en la Jungla -- 27. Una urgente súplica -- 28. El hombre más afortunado de la tierra -- 29. Una carrera honorable -- 30. Dando forma a este mundo nuestro -- Gracias a Dios por John Stott
563 _aTapa rústica.
650 0 _aBiografías cristianas
_91238
700 _aFlórez, Pilar
_etraductor
830 _aVidas que transforman ll Serie Contemporanea
942 _cBK
945 _aElías Tolentino
999 _c64391
_d64391